000 00765nam a2200229Ia 4500
003 OSt
005 20220925203946.0
006 a|||||r|||| 00| 0
007 ta
008 220923b |||||||| |||| 00| 0 eng d
037 _cGeneral Book
040 _aRTL
_cRTL
_beng
041 _2eng
_aeng
082 _aX:77b4,d,1N45,N94, N4/UN
110 _aUNITED NATIONS UNIVERSITY, WORLD INSTITUTE FOR DEVELOPMENT ECONOMICS RESEARCH.
_9267416
245 0 _aResearch for development.
260 _aFinland
_bU.N. University.
_c1994
300 _a75p.
_ccm.
700 _aUNITED NATIONS UNIVERSITY, WORLD INSTITUTE FOR DEVELOPMENT ECONOMICS RESEARCH.
_9267417
942 _hX:77b4,d,1N45,N94, N4/UN
_cGB
_2CC
999 _c548195
_d548195